000 01333cam a2200145 4500500
005 20260405032029.0
041 _afre
042 _adc
100 1 0 _aGrafmeyer, Yves
_eauthor
700 1 0 _aAuthier, Jean-Yves
_eauthor
245 0 0 _aSociologie urbaine
260 _bArmand Colin,
_c2015.
520 _aLa ville est aujourd’hui à la fois territoire et unité de vie collective, milieu et enjeu, cadre physique et nœud de relations entre les êtres sociaux. Ce livre montre comment les concepts et les méthodes de la sociologie peuvent être mobilisés pour l’étude de la vie urbaine. Cette dernière est saisie dans les tensions qui la traversent : tensions entre distance et proximité, entre localisation et mobilité, entre diversité et intégration, entre lignes de force qui commandent le devenir des villes et la gestion collective. Comment s’organisent de nos jours les coexistences en milieu urbain et la mise en cohérence des actions publiques ? À l’heure où les ancrages territoriaux des citadins se diversifient et où les espaces sociaux se fragmentent, dans quelle mesure la ville fait-elle encore société ? Cette 4e édition actualisée apporte toutes les réponses nécessaires.
856 4 1 _uhttps://shs.cairn.info/sociologie-urbaine--9782200601706?lang=fr&redirect-ssocas=7080
999 _c2151738
_d2151738